Tiếng Anh cao cấp, longman advanced grammar

সংরক্ষণ করুন:
গ্রন্থ-পঞ্জীর বিবরন
বিন্যাস: গ্রন্থ
প্রকাশিত: 1994
ট্যাগগুলো: ট্যাগ যুক্ত করুন
কোনো ট্যাগ নেই, প্রথমজন হিসাবে ট্যাগ করুন!
Thư viện lưu trữ: Mạng thư viện Đại học Đà Nẵng
LEADER 00459nam a22001811a 4500
001 000037767
003 14062
005 20160412021140.0
008 160412s1994 000
082 |a 4A(07)1169-71 
245 |a Tiếng Anh cao cấp, longman advanced grammar  |c L.G.Alexxader 
260 |c 1994 
OWN |a LNN 
999 |a From the UDN01 
TYP |a Monograph 
980 |a Mạng thư viện Đại học Đà Nẵng